| 000 | 00501nam a2200157Ia 4500 | ||
|---|---|---|---|
| 008 | 170221s9999 xx 000 0 und d | ||
| 100 | _aReggy Capacio | ||
| 245 | 4 | _aThe Technology and Diaspora: Investigating Immigration Issues in Timog Online | |
| 245 | _cReggy Capacio Figer Catherine de Torres | ||
| 260 | _bOnline Journal of Communication and Media Technologies | ||
| 260 | _c2012 | ||
| 300 | _a2 : 2 | ||
| 650 | _xCommunication | ||
| 650 | _xMedia Arts | ||
| 856 | _uhttp://www.ojcmt.net/ | ||
| 999 |
_c307331 _d307331 |
||